000 00488nam a2200121Ia 4500
008 160609s9999 xx 000 0 und d
100 _aHall, Georgia.
245 _aHealthy Eating And Physical Activity In Out-of-school Time Settings: New Directions For Youth Development, Number 143
245 _cBy:Georgia Hall, Jean L. Wiecha
260 _c2015
650 _xCHILD & ADOLESCENT DEVELOPMENT
856 _uhttp://file.ebook777.com/007/HeaEatAndPhyActInOutTimSetNewDirForYouDevNum143.pdf
999 _c295877
_d295877